Land without justice (Record no. 4865)
[ view plain ]
| 000 -CABECERA | |
|---|---|
| campo de control de longitud fija | 00660nam a2200217 a 4500 |
| 001 - NÚMERO DE CONTROL | |
| campo de control | BRCA_5171 |
| 005 - FECHA Y HORA DE LA ÚLTIMA TRANSACCIÓN | |
| campo de control | 20190320204953.0 |
| 008 - DATOS DE LONGITUD FIJA--INFORMACIÓN GENERAL | |
| campo de control de longitud fija | 730515s1958 nyu#######---#000-0#eng-# |
| 041 ## - CÓDIGO DE LENGUA | |
| Código de lengua del texto/banda sonora o título independiente | eng |
| 044 ## - CÓDIGO DEL PAÍS DE LA ENTIDAD EDITORA/PRODUCTORA | |
| Código MARC del país | nyu |
| 050 #4 - SIGNATURA TOPOGRÁFICA DE LA BIBLIOTECA DEL CONGRESO | |
| Número de clasificación | DR312 |
| Número de documento/Ítem | .D55 1958 |
| 100 1# - ENTRADA PRINCIPAL--NOMBRE DE PERSONA | |
| Nombre de persona | Djilas, Milovan |
| Fechas asociadas al nombre | 1911-1995 |
| 9 (RLIN) | 13229 |
| 245 10 - MENCIÓN DE TÍTULO | |
| Título | Land without justice |
| Resto del título | an autobiography of his youth |
| Mención de responsabilidad, etc. | Milovan Djilas ; with introduction and notes by William Jovanovich. |
| 260 ## - PUBLICACIÓN, DISTRIBUCIÓN, ETC. | |
| Lugar de publicación, distribución, etc. | Nueva York |
| Nombre del editor, distribuidor, etc. | Harcourt, Brace |
| Fecha de publicación, distribución, etc. | 1958 |
| 300 ## - DESCRIPCIÓN FÍSICA | |
| Extensión | 365 p. |
| Dimensiones | 22 cm. |
| 500 ## - NOTA GENERAL | |
| Nota general | DD66 |
| 651 #4 - PUNTO DE ACCESO ADICIONAL DE MATERIA--NOMBRE GEOGRÁFICO | |
| Nombre geográfico | Yugoslavia |
| Subdivisión general | Costumbres sociales |
| 9 (RLIN) | 13230 |
| 700 1# - PUNTO DE ACCESO ADICIONAL--NOMBRE DE PERSONA | |
| Nombre de persona | Jovanovich, William |
| 9 (RLIN) | 13231 |
| 902 ## - CATALOGADOR | |
| Iniciales | GFM |
| 942 ## - ELEMENTOS DE PUNTO DE ACCESO ADICIONAL (KOHA) | |
| Fuente del sistema de clasificación o colocación | Library of Congress Classification |
| Tipo de ítem Koha | Libros |
| Estado de retiro | Estado de pérdida | Estado dañado | No para préstamo | Localización permanente | Ubicación/localización actual | Fecha de adquisición | Número de inventario | Total de préstamos | Signatura topográfica completa | Código de barras | Fecha visto por última vez | Precio válido a partir de | Tipo de ítem Koha |
|---|---|---|---|---|---|---|---|---|---|---|---|---|---|
| El ejemplar forma parte de la colección y puede ser consultado según las políticas vigentes. | Biblioteca del Museo Franz Mayer (Rogerio Casas-Alatriste) | Biblioteca del Museo Franz Mayer (Rogerio Casas-Alatriste) | 24/11/2010 | DD66 | DR312 .D55 1958 (DD66) | 5515 | 22/03/2019 | 22/03/2019 | Libros |